000 00426nam a22001697a 4500
003 OSt
005 20170105103440.0
008 120216t xxu||||| |||| 00| 0 eng d
020 _a0849323029
040 _aASAB
_cASAB
100 _4Handbook of Plant Virus Diseases
_aDragolijub D .Sutic
_929
245 _aHandBook of Plant Virus Diseases
260 _aUSA
_bCRC
300 _a553
650 _2Plant Virus
_930
942 _2ddc
_cBK
999 _c16439
_d16439